000 00244nam a22001097a 4500
999 _c260891
_d260890
020 _a9780545425179
100 _aGeorgian Bay
245 _a2023 Book of World Record
260 _aNew York
_bScholastic
_c2012
300 _a316 pgs
942 _cBK